Word Ladder: Christmas Carol Lyrics Quiz Stats

 Plays Quiz Updated Dec 23, 2014

Challenge
Share
Tweet
Embed
Score 0/23 Timer 02:00
1 Play Today
Hint 4-Letter Word % Correct
Femur or UlnaBONE
94.2%
Adult female horseMARE
92.8%
A dull personBORE
91.5%
AdditionalMORE
90.6%
Peter and Paul's friend☃ MARY ☃
89.5%
Smaller in amountLESS
88.2%
They go well with kissesHUGS
87.5%
A Scottish galLASS
87.5%
Oldman or BuseyGARY
87.2%
Hefner or JackmanHUGH
86.8%
RippedTORN
86.3%
Gruesome, bloody styleGORY
85%
Hint 4-Letter Word % Correct
People born between July 23 and August 22LEOS
84.4%
Kings of ____ band☃ LEON ☃
83.4%
Up in the air☃ HIGH ☃
81.8%
British traditionalist partyTORY
81.5%
Animated show or characterTOON
80%
Falls behindLAGS
79.4%
A ringing sound or a dent☃ DING ☃
79%
Canadian dollar coin birdLOON
77.9%
Homely womenHAGS
76.6%
Vietnamese currency☃ DONG ☃
70.4%
Water pipeBONG
69.9%

Today's Daily Dose

You're not logged in!

Compare scores with friends on all Sporcle quizzes.
Join for Free
OR
Log In

You Might Also Like...

Show Comments

Extras

Top Quizzes Today


Score Distribution

Your Account Isn't Verified!

In order to create a playlist on Sporcle, you need to verify the email address you used during registration. Go to your Sporcle Settings to finish the process.

Report this User

Report this user for behavior that violates our Community Guidelines.

Details: